000 00257nam a2200085Ia 4500
008 160531s9999 xx 000 0 und d
245 _aBasic Data Analysis and More: A Guided Tour Using Python
260 _c2012
856 _uhttp://arxiv.org/pdf/1207.6002v1.pdf
999 _c295289
_d295289